[Event "Champ FRA - Under 12"]
[Site "Europe Echecs"]
[Date "2020.07.08"]
[Round "2"]
[White "FaidiSami"]
[Black "FoleyNatasha"]
[Result "1-0"]
[WhiteElo "1394"]
[BlackElo "1078"]
[PlyCount "65"]
[EventDate "2020.??.??"]

1. e4 e5 2. Nf3 Nc6 3. Nc3 Nf6 4. Bc4 Bc5 5. d3 d6 6. Bg5 h6 7. Bxf6 Qxf6 8.
Nd5 Qd8 9. c3 Bg4 10. b4 Bb6 11. h3 Bh5 12. a4 a6 13. g4 Bg6 14. a5 Ba7 15. b5
axb5 16. Bxb5 O-O 17. a6 bxa6 18. Bxc6 Qb8 19. Rb1 Qc8 20. Ne7+ Kh8 21. Nxc8
Rfxc8 22. Bxa8 Rxa8 23. Rb7 Bc5 24. Rxc7 Rb8 25. h4 Bb6 26. h5 Bh7 27. Rxf7 Kg8
28. Ng5 Kh8 29. Qf3 Bg8 30. Rf8 Rb7 31. Nf7+ Kh7 32. Qf5+ g6 33. Qxg6# {
FoleyNatasha est échec et mat} 1-0

[Event "Champ FRA - Under 12"]
[Site "Europe Echecs"]
[Date "2020.07.08"]
[Round "2"]
[White "NegreMaxime"]
[Black "SumarrivaPauliJ"]
[Result "0-1"]
[WhiteElo "1105"]
[BlackElo "1394"]
[PlyCount "108"]
[EventDate "2020.??.??"]

1. e4 e5 2. Nf3 Nc6 3. Bc4 Bc5 4. Nc3 Nf6 5. d3 d6 6. h3 h6 7. Be3 Bb6 8. d4
exd4 9. Nxd4 O-O 10. O-O Re8 11. Qd3 Ne5 12. Qe2 Nxc4 13. Qxc4 Nxe4 14. Qd3 d5
15. Bf4 c6 16. Nf3 Bf5 17. Nxe4 Rxe4 18. Bg3 Bg6 19. Qd2 Rc4 20. c3 Re4 21.
Rfe1 Bc7 22. Bh2 Bxh2+ 23. Nxh2 Qc7 24. Nf3 Rae8 25. Rxe4 Rxe4 26. Re1 Qe7 27.
Rxe4 Qxe4 28. Nd4 Qb1+ 29. Kh2 Qxa2 30. Qe2 Kh7 31. Nf3 Qb1 32. Ne5 Qe4 33.
Qxe4 dxe4 34. Nxg6 Kxg6 35. Kg3 Kf5 36. f3 e3 37. f4 Ke4 38. f5 Kd3 39. f6 gxf6
40. b4 e2 41. Kf2 Kd2 42. Kg3 e1=Q+ 43. Kh2 Kxc3 44. h4 Kxb4 45. h5 c5 46. Kh3
c4 47. g4 c3 48. g5 fxg5 49. Kg2 c2 50. Kf3 c1=Q 51. Kg4 Qe4+ 52. Kg3 Qc3+ 53.
Kf2 Qec2+ 54. Kf1 Qa1# {NegreMaxime est échec et mat} 0-1

[Event "Champ FRA - Under 12"]
[Site "Europe Echecs"]
[Date "2020.07.08"]
[Round "2"]
[White "BerthouJules"]
[Black "SemenovVera"]
[Result "1-0"]
[WhiteElo "1390"]
[BlackElo "1069"]
[PlyCount "67"]
[EventDate "2020.??.??"]

1. b3 e5 2. Bb2 Nc6 3. e3 Nf6 4. Nf3 d5 5. Nxe5 Nxe5 6. Bxe5 Bf5 7. c4 Bb4 8.
Bc3 Bc5 9. cxd5 Qxd5 10. Bxf6 gxf6 11. Nc3 Qe6 12. Bc4 Qe7 13. Nd5 Qd7 14.
Nxf6+ Kd8 15. Nxd7 Bxd7 16. Qh5 Ba3 17. Qxf7 Rf8 18. Qxh7 c6 19. Qh4+ Kc7 20.
O-O Rae8 21. d4 Bb2 22. Rab1 Ba3 23. d5 Bf5 24. Rbd1 Bc2 25. Rd2 Bf5 26. dxc6
Bb4 27. Rd4 Bc5 28. Qf4+ Kb6 29. Rd5 Rd8 30. Rxf5 Rxf5 31. Qxf5 Rd2 32. cxb7
Rxa2 33. b8=Q+ Ka5 34. Qb5# {SemenovVera est échec et mat} 1-0

[Event "Champ FRA - Under 12"]
[Site "Europe Echecs"]
[Date "2020.07.08"]
[Round "2"]
[White "DupreyJoffrey"]
[Black "CavillotDelest"]
[Result "0-1"]
[WhiteElo "1370"]
[BlackElo "1063"]
[PlyCount "84"]
[EventDate "2020.??.??"]

1. e4 e5 2. Nf3 Nc6 3. d4 exd4 4. Nxd4 Bc5 5. c3 d6 6. Nf3 Bg4 7. Be2 Nf6 8. h3
Bh5 9. Nbd2 O-O 10. O-O Re8 11. Ng5 Bxe2 12. Qxe2 h6 13. b4 Bxb4 14. cxb4 hxg5
15. b5 Nd4 16. Qe3 Nc2 17. Qd3 Nxa1 18. Bb2 c6 19. bxc6 bxc6 20. Bxa1 Rb8 21.
Qc3 c5 22. f4 gxf4 23. Rxf4 Re5 24. Nc4 Rb1+ 25. Kf2 Rxa1 26. Qxa1 Rxe4 27.
Rxe4 Nxe4+ 28. Ke3 Qe7 29. Kd3 Nf2+ 30. Kc2 Qe4+ 31. Kb3 d5 32. Nd6 Qb4+ 33.
Kc2 Qa4+ 34. Kd2 Qf4+ 35. Ke1 Nd3+ 36. Ke2 Nc1+ 37. Kd1 Qxd6 38. Kxc1 Qh6+ 39.
Kc2 Qg6+ 40. Kb3 Qd3+ 41. Ka4 Qc4+ 42. Ka3 Qb4# {DupreyJoffrey est échec et
mat} 0-1

[Event "Champ FRA - Under 12"]
[Site "Europe Echecs"]
[Date "2020.07.08"]
[Round "2"]
[White "ValentinAnasta"]
[Black "AlsaiedZeina"]
[Result "1/2-1/2"]
[WhiteElo "1360"]
[BlackElo "1061"]
[PlyCount "125"]
[EventDate "2020.??.??"]

1. e4 e5 2. Nf3 Nc6 3. Nc3 Bc5 4. Nxe5 d6 5. Nxc6 bxc6 6. d4 Bb6 7. d5 Qf6 8.
Be3 Ba5 9. dxc6 Bxc3+ 10. bxc3 Qxc3+ 11. Bd2 Qxc6 12. Rb1 Ba6 13. Bxa6 Qxa6 14.
h3 Nf6 15. c3 O-O 16. Rb4 Qxa2 17. Ra4 Qe6 18. f3 d5 19. O-O dxe4 20. Re1 Qb6+
21. Be3 Qc6 22. fxe4 Nxe4 23. Rd4 Nd6 24. Qg4 Nb5 25. Rc4 Qe6 26. Qxe6 fxe6 27.
Rc5 Nd6 28. Rxc7 Nb5 29. Rd7 Nxc3 30. Bc5 Rf6 31. Bd4 Rf7 32. Rxf7 Kxf7 33.
Bxc3 a5 34. Ra1 a4 35. Kf2 h6 36. Ke2 g5 37. Kd2 Kg6 38. Kc2 Kf5 39. Kb2 e5 40.
Rf1+ Ke6 41. g4 Kd5 42. Ka3 e4 43. Kb4 a3 44. Rd1+ Kc6 45. Ra1 a2 46. Kb3 Rb8+
47. Kxa2 Ra8+ 48. Kb1 Rxa1+ 49. Kxa1 Kd5 50. Kb1 Kc4 51. Ba1 Kd3 52. Kc1 e3 53.
Kd1 Ke4 54. Ke1 Kf3 55. Bd4 e2 56. Kd2 Kg3 57. Kxe2 Kxh3 58. Kf3 Kh4 59. Be5 h5
60. gxh5 Kxh5 61. Kg2 Kh4 62. Bf6 Kh5 63. Bxg5 {Aucun joueur n'a le mat&eacute;
riel pour mater} 1/2-1/2

[Event "Champ FRA - Under 12"]
[Site "Europe Echecs"]
[Date "2020.07.08"]
[Round "2"]
[White "LombartRemi"]
[Black "ChevillonManon"]
[Result "1-0"]
[WhiteElo "1100"]
[BlackElo "1356"]
[PlyCount "125"]
[EventDate "2020.??.??"]

1. e4 e5 2. Nf3 Nc6 3. Bc4 Bc5 4. c3 Nf6 5. d4 exd4 6. cxd4 Bb4+ 7. Bd2 Bxd2+
8. Nbxd2 d6 9. O-O Bg4 10. h3 Bxf3 11. Nxf3 h6 12. e5 dxe5 13. Nxe5 O-O 14.
Nxc6 bxc6 15. Re1 Qd6 16. Qa4 Rfb8 17. Qc2 Qxd4 18. Bb3 Re8 19. a3 Rxe1+ 20.
Rxe1 Qd7 21. Ba4 Re8 22. Rxe8+ Qxe8 23. Qxc6 Qxc6 24. Bxc6 Kf8 25. Kf1 Ke7 26.
Ke2 Kd6 27. Ba4 Nd5 28. g3 f6 29. Kd3 Nb6 30. Bb3 Ke5 31. f4+ Kd6 32. Bc4 c5
33. b4 cxb4 34. axb4 Nxc4 35. Kxc4 Kc6 36. h4 g6 37. b5+ Kd6 38. Kd4 Kc7 39.
Kc5 Kd7 40. Kd5 Ke7 41. Kc6 Ke6 42. Kb7 g5 43. fxg5 fxg5 44. hxg5 hxg5 45. Kxa7
Kf5 46. b6 Kg4 47. b7 Kxg3 48. b8=Q+ Kh3 49. Qb3+ Kh4 50. Kb6 g4 51. Kc5 g3 52.
Qd1 Kh3 53. Qh1+ Kg4 54. Kd4 Kf4 55. Qf1+ Kg4 56. Qg2 Kh4 57. Ke4 Kg4 58. Ke3
Kh4 59. Kf4 Kh5 60. Qxg3 Kh6 61. Kf5 Kh7 62. Kf6 Kh8 63. Qg7# {ChevillonManon
est échec et mat} 1-0

[Event "Champ FRA - Under 12"]
[Site "Europe Echecs"]
[Date "2020.07.08"]
[Round "2"]
[White "BourezzouSofia"]
[Black "TournabienPaul"]
[Result "0-1"]
[WhiteElo "1090"]
[BlackElo "1330"]
[PlyCount "28"]
[EventDate "2020.??.??"]

1. e4 e5 2. Qh5 Nf6 3. Qxe5+ Be7 4. Bc4 O-O 5. d4 d6 6. Qg3 Nxe4 7. Qe3 d5 8.
Bd3 Bf5 9. Nf3 Nc6 10. Qf4 Bh4 11. Qxf5 Bxf2+ 12. Kf1 Qe8 13. Ng5 Ng3+ 14. hxg3
Qe1# {BourezzouSofia est échec et mat} 0-1

[Event "Champ FRA - Under 12"]
[Site "Europe Echecs"]
[Date "2020.07.08"]
[Round "2"]
[White "ChareyreMathie"]
[Black "LarioumlilWass"]
[Result "1/2-1/2"]
[WhiteElo "1080"]
[BlackElo "1295"]
[PlyCount "86"]
[EventDate "2020.??.??"]

1. e4 e5 2. Nf3 Nc6 3. Bc4 Nf6 4. d3 Bc5 5. Qe2 d6 6. Be3 Be6 7. Bxe6 fxe6 8.
Bxc5 dxc5 9. Nc3 Qd7 10. O-O O-O-O 11. Na4 Qd6 12. b3 h6 13. c4 g5 14. a3 g4
15. Nh4 Rdg8 16. g3 Nd4 17. Qd2 Nf3+ 18. Nxf3 gxf3 19. Qe3 Rf8 20. Qxf3 Nd7 21.
Qe2 h5 22. Rab1 h4 23. b4 cxb4 24. axb4 hxg3 25. fxg3 Qd4+ 26. Kh1 Rfg8 27. c5
Rxg3 28. Rg1 Rgh3 29. Rg2 Rxd3 30. Qg4 Rd1+ 31. Rxd1 Qxb4 32. Qxe6 Rd8 33. Ra2
Qxe4+ 34. Kg1 Qe3+ 35. Kh1 Qe4+ 36. Kg1 Qe3+ 37. Kf1 Rf8+ 38. Kg2 Qf3+ 39. Kg1
Qe3+ 40. Kg2 Qf3+ 41. Kg1 Qe3+ 42. Kh1 Qe4+ 43. Kg1 Qe3+ {Nulle par
répétition} 1/2-1/2

[Event "Champ FRA - Under 12"]
[Site "Europe Echecs"]
[Date "2020.07.08"]
[Round "2"]
[White "BernardelliTho"]
[Black "LayadiNoha"]
[Result "0-1"]
[WhiteElo "1079"]
[BlackElo "1280"]
[PlyCount "40"]
[EventDate "2020.??.??"]

1. d4 d5 2. Bf4 Bf5 3. e3 Nf6 4. c4 e6 5. Qb3 Bd6 6. Qxb7 Nbd7 7. Bg3 Rb8 8.
Qc6 Rxb2 9. Nc3 O-O 10. Na4 Rb4 11. Ne2 Rxc4 12. Nc1 Rxc6 13. Bb5 Rb6 14. Bxd7
Qxd7 15. Nxb6 axb6 16. Nb3 Bb4+ 17. Kf1 Qb5+ 18. Kg1 Ne4 19. Bh4 Qe2 20. g3
Qxf2# {BernardelliTho est échec et mat} 0-1

[Event "Champ FRA - Under 12"]
[Site "Europe Echecs"]
[Date "2020.07.08"]
[Round "2"]
[White "AvcharovLevon"]
[Black "LinJacky"]
[Result "1-0"]
[WhiteElo "1075"]
[BlackElo "1262"]
[PlyCount "39"]
[EventDate "2020.??.??"]

1. g3 e5 2. Bg2 d5 3. d3 Bc5 4. Nf3 Nc6 5. O-O Nf6 6. c4 Be6 7. Qb3 dxc4 8.
dxc4 e4 9. Nfd2 Nd4 10. Qa4+ Bd7 11. Qd1 O-O 12. Nc3 e3 13. fxe3 Nc6 14. Nde4
Nxe4 15. Nxe4 Bb6 16. a3 Ne5 17. c5 Ba5 18. b4 Nc4 19. bxa5 Nxa5 20. Qd2 {
LinJacky a abandonné} 1-0

[Event "Champ FRA - Under 12"]
[Site "Europe Echecs"]
[Date "2020.07.08"]
[Round "2"]
[White "DebbicheIdriss"]
[Black "TroadecMelusin"]
[Result "1-0"]
[WhiteElo "1065"]
[BlackElo "1251"]
[PlyCount "41"]
[EventDate "2020.??.??"]

1. Nf3 Nc6 2. g3 e5 3. d3 d5 4. Bg2 Nf6 5. O-O Bg4 6. h3 Bh5 7. c4 d4 8. Re1
Bb4 9. Bd2 Bxd2 10. Nbxd2 O-O 11. b4 Re8 12. b5 Nb8 13. Ng5 Qc8 14. Nge4 Nbd7
15. Rb1 a6 16. Qc2 axb5 17. Rxb5 c6 18. Rbb1 Qc7 19. Rb2 Nxe4 20. Nxe4 f5 21.
Nd2 {TroadecMelusin a perdu au temps} 1-0

[Event "Champ FRA - Under 12"]
[Site "Europe Echecs"]
[Date "2020.07.08"]
[Round "2"]
[White "LamandeBaventR"]
[Black "BillmannAlexan"]
[Result "0-1"]
[WhiteElo "1060"]
[BlackElo "1229"]
[PlyCount "98"]
[EventDate "2020.??.??"]

1. d4 e6 2. e3 d5 3. Nf3 c5 4. Nc3 Nf6 5. Be2 Nc6 6. O-O Bd6 7. Re1 O-O 8. Bd2
b6 9. dxc5 bxc5 10. Bb5 Bb7 11. Bc1 a6 12. Be2 h6 13. Bd2 Qc7 14. Na4 Rfd8 15.
Bc3 Ne4 16. Qc1 Ne7 17. Bd3 Nxc3 18. Nxc3 Rac8 19. Qd2 Be5 20. Nxe5 Qxe5 21.
Qe2 Qg5 22. Qf3 Bc6 23. Qg3 Qf6 24. Qf4 Qxf4 25. exf4 d4 26. Ne2 Bb7 27. Red1
c4 28. c3 cxd3 29. Rxd3 dxc3 30. Rxd8+ Rxd8 31. bxc3 Rd2 32. Nd4 Nd5 33. Nb3
Rc2 34. Nd4 Rxc3 35. Ne2 Rc4 36. g3 Re4 37. Nc1 Nc3 38. Kg2 Re1+ 39. Kh3 Nxa2
40. Rxa2 Rxc1 41. Ra5 Rg1 42. Ra3 Bg2+ 43. Kg4 f5+ 44. Kh5 Rh1 45. Kg6 Rxh2 46.
Rxa6 Bd5 47. Ra7 Bf3 48. g4 Bxg4 49. f3 Bh5# {LamandeBaventR est échec et mat}
0-1

[Event "Champ FRA - Under 12"]
[Site "Europe Echecs"]
[Date "2020.07.08"]
[Round "2"]
[White "NunesSoubeyranE"]
[Black "SamorukovEgor"]
[Result "1-0"]
[WhiteElo "1220"]
[BlackElo "1060"]
[PlyCount "27"]
[EventDate "2020.??.??"]

1. e4 c5 2. Nf3 e6 3. d4 cxd4 4. Nxd4 Nf6 5. Nc3 Bb4 6. Bd2 Bxc3 7. Bxc3 Nxe4
8. Bd3 d5 9. O-O O-O 10. Qg4 e5 11. Qf3 exd4 12. Bxd4 Nd2 13. Qg3 Nxf1 14.
Qxg7# {SamorukovEgor est échec et mat} 1-0

[Event "Champ FRA - Under 12"]
[Site "Europe Echecs"]
[Date "2020.07.08"]
[Round "2"]
[White "CadilhacSeffinL"]
[Black "RaykoAlexis"]
[Result "0-1"]
[WhiteElo "1058"]
[BlackElo "1214"]
[PlyCount "148"]
[EventDate "2020.??.??"]

1. e4 e6 2. Nf3 d5 3. e5 c5 4. Bb5+ Bd7 5. Nc3 a6 6. Bxd7+ Nxd7 7. O-O g6 8.
Re1 Bg7 9. d3 Ne7 10. Bg5 h6 11. Bxe7 Qxe7 12. d4 cxd4 13. Qxd4 Qc5 14. Qxc5
Nxc5 15. Rad1 Rc8 16. h3 Nd7 17. Re2 Nb6 18. Rde1 Nc4 19. b3 Na3 20. Na4 O-O
21. Rc1 b5 22. Nb6 Rc6 23. Nd7 Rd8 24. Nf6+ Bxf6 25. exf6 d4 26. Rd2 Rd5 27.
Nxd4 Rcd6 28. Rcd1 Nxc2 29. Nf3 Rxd2 30. Nxd2 b4 31. f3 Ne3 32. Re1 Rxd2 33.
Rxe3 Rxa2 34. Kh2 a5 35. Rd3 a4 36. Rd8+ Kh7 37. Rb8 axb3 38. Rxb4 b2 39. Rb7
Kg8 40. Rb8+ Kh7 41. Rb7 g5 42. Rxf7+ Kg6 43. Rb7 Kxf6 44. Rb6 Kf5 45. g4+ Kf6
46. Kg3 Ke5 47. h4 gxh4+ 48. Kxh4 Kf4 49. Rxe6 b1=Q 50. Rf6+ Ke5 51. Rf5+ Kd6
52. Rf6+ Kc7 53. Rf7+ Kb6 54. Rf6+ Kb5 55. Rf5+ Qxf5 56. gxf5 Ra3 57. f6 Rxf3
58. Kh5 Rxf6 59. Kh4 Kc4 60. Kh5 Kd4 61. Kh4 Rf8 62. Kg3 Ke3 63. Kg2 Rf7 64.
Kg1 Ke2 65. Kg2 Rg7+ 66. Kh3 Kf3 67. Kh4 Rg8 68. Kh5 Kf4 69. Kxh6 Kf5 70. Kh7
Rg1 71. Kh6 Rg2 72. Kh7 Kf6 73. Kh8 Kf7 74. Kh7 Rh2# {CadilhacSeffinL est
échec et mat} 0-1

[Event "Champ FRA - Under 12"]
[Site "Europe Echecs"]
[Date "2020.07.08"]
[Round "2"]
[White "GarrigueMahel"]
[Black "KurenkovAnton"]
[Result "1-0"]
[WhiteElo "1212"]
[BlackElo "1056"]
[PlyCount "45"]
[EventDate "2020.??.??"]

1. e4 e6 2. d4 e5 3. dxe5 f6 4. Nf3 fxe5 5. Nxe5 Qe7 6. Bf4 d6 7. Nd3 Nf6 8.
Nc3 Bg4 9. Be2 Nc6 10. Bxg4 Nxg4 11. Qxg4 d5 12. Nxd5 Qxe4+ 13. Qe2 Qxe2+ 14.
Kxe2 Nd4+ 15. Kd1 Rd8 16. Nxc7+ Kf7 17. Re1 Bb4 18. c3 Bxc3 19. bxc3 Nf5 20.
Kc2 Rhe8 21. Rxe8 Rxe8 22. Nxe8 Kxe8 23. Re1+ {KurenkovAnton a abandonné} 1-0

[Event "Champ FRA - Under 12"]
[Site "Europe Echecs"]
[Date "2020.07.08"]
[Round "2"]
[White "ClaveriePaul"]
[Black "MindeBaptiste"]
[Result "0-1"]
[WhiteElo "1041"]
[BlackElo "1210"]
[PlyCount "68"]
[EventDate "2020.??.??"]

1. e4 e6 2. d4 d5 3. exd5 exd5 4. Nc3 Be6 5. Bf4 Bb4 6. Nf3 Ne7 7. Qd2 O-O 8.
Bd3 Nd7 9. O-O Re8 10. Ne5 Nxe5 11. Bxe5 Bd6 12. Bxd6 Qxd6 13. Qe3 Nf5 14. Qh3
g6 15. Bxf5 Bxf5 16. Qh6 Bxc2 17. Qd2 Bf5 18. Rae1 a6 19. Rxe8+ Rxe8 20. h3 c6
21. b3 Qb4 22. Rc1 Qd6 23. g4 Be4 24. Nxe4 dxe4 25. Re1 Qd5 26. Rd1 Rd8 27. Kg2
e3+ 28. Kf1 exd2 29. Rxd2 Qh1+ 30. Ke2 Qxh3 31. Rd3 Qxg4+ 32. Kf1 Re8 33. d5
Qe2+ 34. Kg1 Qxd3 {ClaveriePaul a abandonné} 0-1

[Event "Champ FRA - Under 12"]
[Site "Europe Echecs"]
[Date "2020.07.08"]
[Round "2"]
[White "BouvierMenardB"]
[Black "PoghosyanNoray"]
[Result "1-0"]
[WhiteElo "1034"]
[BlackElo "1200"]
[PlyCount "79"]
[EventDate "2020.??.??"]

1. e4 e5 2. f4 d6 3. Nf3 Nc6 4. Bb5 a6 5. Bxc6+ bxc6 6. fxe5 dxe5 7. Nxe5 Qe7
8. Nf3 Qxe4+ 9. Qe2 Qxe2+ 10. Kxe2 Bc5 11. Re1 Ne7 12. Nc3 O-O 13. a3 Re8 14.
Kf1 a5 15. d4 Bb6 16. Bg5 h6 17. Bxe7 Ba6+ 18. Kg1 c5 19. dxc5 Ba7 20. Nd5 Bb7
21. Nxc7 Rec8 22. Nxa8 Bxa8 23. b4 axb4 24. axb4 Rc7 25. Bd6 Rd7 26. Re8+ Kh7
27. Rxa8 Bxc5+ 28. bxc5 Rb7 29. Ne5 Rb2 30. Nxf7 Rxc2 31. Rc8 Re2 32. c6 Rc2
33. c7 Rc6 34. Rh8+ Kg6 35. Ne5+ Kf6 36. Nxc6 Ke6 37. c8=Q+ Kxd6 38. Rd8+ Kc5
39. Rb1 Kc4 40. Ne5# {PoghosyanNoray est échec et mat} 1-0

[Event "Champ FRA - Under 12"]
[Site "Europe Echecs"]
[Date "2020.07.08"]
[Round "2"]
[White "SemenovSonia"]
[Black "EbelePierre"]
[Result "0-1"]
[WhiteElo "1193"]
[BlackElo "1053"]
[PlyCount "106"]
[EventDate "2020.??.??"]

1. e4 d5 2. d3 dxe4 3. Bf4 Nf6 4. Be2 Nc6 5. Nc3 e5 6. Bg5 Be7 7. Bxf6 Bxf6 8.
Nxe4 Bf5 9. Nxf6+ Qxf6 10. Nf3 O-O 11. Nh4 Qxh4 12. g3 Qe7 13. g4 Bg6 14. Qd2
Rad8 15. O-O-O Qd6 16. Qg5 Qf6 17. Qe3 Qf4 18. Qxf4 exf4 19. Bf3 Nd4 20. Bxb7
c6 21. c3 Nb5 22. Bxc6 Nc7 23. Rde1 Bxd3 24. Re7 Ne6 25. Rxa7 Be2 26. Re1 Bxg4
27. Re7 h6 28. Bd7 Rxd7 29. Rxd7 Nc5 30. Rde7 Nd3+ 31. Kc2 Nxe1+ 32. Rxe1 Rd8
33. Re7 Bf5+ 34. Kb3 Rd2 35. Re8+ Kh7 36. Re7 f6 37. a4 Rxf2 38. a5 Rf1 39. Ka2
f3 40. a6 f2 41. a7 Ra1+ 42. Kxa1 f1=Q+ 43. Ka2 Qc4+ 44. Ka3 Qa6+ 45. Kb4 Qd6+
46. Kb5 Bd3+ 47. Ka5 Qd8+ 48. Kb4 Qxe7+ 49. Ka4 Qxa7+ 50. Kb4 Qb6+ 51. Ka4 Qb5+
52. Ka3 Bc4 53. b3 Qxb3# {SemenovSonia est échec et mat} 0-1

[Event "Champ FRA - Under 12"]
[Site "Europe Echecs"]
[Date "2020.07.08"]
[Round "2"]
[White "KerjeanLohan"]
[Black "BaciuConstanti"]
[Result "1-0"]
[WhiteElo "1008"]
[BlackElo "1191"]
[PlyCount "51"]
[EventDate "2020.??.??"]

1. e4 e5 2. Nf3 Nc6 3. Nc3 Nf6 4. Bc4 Bc5 5. Bb3 O-O 6. Nxe5 Nxe5 7. d4 Ng6 8.
dxc5 d6 9. Be3 Bg4 10. f3 Bd7 11. O-O Qe7 12. Bg5 Rad8 13. Nd5 Qe5 14. Qd2 dxc5
15. f4 Qd6 16. e5 Qa6 17. c4 c6 18. Nc7 Qb6 19. Nd5 cxd5 20. cxd5 Be6 21. exf6
gxf6 22. Bxf6 Rd6 23. f5 c4+ 24. Kh1 Rxd5 25. Qh6 Re8 26. Qg7# {BaciuConstanti
est échec et mat} 1-0

[Event "Champ FRA - Under 12"]
[Site "Europe Echecs"]
[Date "2020.07.08"]
[Round "2"]
[White "BuchlinAlexis"]
[Black "DeMouraChloe"]
[Result "0-1"]
[WhiteElo "1191"]
[BlackElo "1049"]
[PlyCount "92"]
[EventDate "2020.??.??"]

1. e4 e5 2. Nf3 Nc6 3. Bc4 Be7 4. Nc3 Bf6 5. d3 Nge7 6. Bg5 d6 7. h3 Bd7 8. Qe2
Bxg5 9. Nxg5 Be6 10. Bxe6 fxe6 11. Nxe6 Qd7 12. Ng5 Nd4 13. Qd2 O-O-O 14. a4
Ng6 15. g3 h6 16. h4 hxg5 17. O-O-O Nf3 18. Qe3 Nd4 19. h5 Ne7 20. Qxg5 Nf3 21.
Qe3 Nd4 22. Kd2 Rdf8 23. Kc1 Rf3 24. Qd2 Rhf8 25. Rdf1 Nec6 26. h6 gxh6 27.
Rxh6 Nb4 28. Kb1 Qg4 29. Rh3 R3f6 30. Rh4 Nf3 31. Qe2 Qg5 32. Rhh1 Nd2+ 33. Ka1
Nxf1 34. Rxf1 Qg7 35. b3 Qd7 36. Kb2 Qc6 37. f3 a6 38. Qe3 Kb8 39. f4 exf4 40.
gxf4 Re8 41. f5 d5 42. Qg5 Rff8 43. e5 d4 44. Ne2 Qxc2+ 45. Ka3 a5 46. Nxd4
Qa2# {BuchlinAlexis est échec et mat} 0-1

[Event "Champ FRA - Under 12"]
[Site "Europe Echecs"]
[Date "2020.07.08"]
[Round "2"]
[White "OuaichaIsmail"]
[Black "HenadciIlyan"]
[Result "0-1"]
[WhiteElo "1000"]
[BlackElo "1191"]
[PlyCount "24"]
[EventDate "2020.??.??"]

1. e4 e5 2. Bc4 Nf6 3. d3 Bc5 4. Be3 Bxe3 5. fxe3 Nc6 6. Qf3 d6 7. d4 exd4 8.
exd4 Nxd4 9. Qf4 Nxc2+ 10. Kd1 Nxa1 11. e5 dxe5+ 12. Ke2 exf4 {OuaichaIsmail a
perdu au temps} 0-1

[Event "Champ FRA - Under 12"]
[Site "Europe Echecs"]
[Date "2020.07.08"]
[Round "2"]
[White "PerezRaphael"]
[Black "GadoisClaire"]
[Result "1-0"]
[WhiteElo "1190"]
[BlackElo "1040"]
[PlyCount "39"]
[EventDate "2020.??.??"]

1. e4 e5 2. Nf3 Nc6 3. d4 exd4 4. Bc4 Bc5 5. c3 dxc3 6. Bxf7+ Kxf7 7. Qd5+ Ke8
8. Qxc5 Nge7 9. Nxc3 d6 10. Qh5+ g6 11. Qh6 Be6 12. Qg7 Kd7 13. e5 dxe5 14.
Nxe5+ Nxe5 15. Qxe5 Qg8 16. Bf4 Rf8 17. O-O-O+ Ke8 18. Qxc7 g5 19. Bd6 Rxf2 20.
Qxe7# {GadoisClaire est échec et mat} 1-0

[Event "Champ FRA - Under 12"]
[Site "Europe Echecs"]
[Date "2020.07.08"]
[Round "2"]
[White "CharlierStanis"]
[Black "MullerLouisEti"]
[Result "1-0"]
[WhiteElo "1187"]
[BlackElo "1030"]
[PlyCount "117"]
[EventDate "2020.??.??"]

1. e4 d5 2. exd5 Nf6 3. c4 e6 4. dxe6 Bxe6 5. Nf3 Bd6 6. d4 Qe7 7. Be3 Ng4 8.
Qd2 g5 9. c5 Bf4 10. Bxf4 gxf4 11. Qxf4 Bc4+ 12. Ne5 Nxe5 13. Qxe5 Qxe5+ 14.
dxe5 Bxf1 15. Rxf1 Nc6 16. f4 O-O-O 17. Nc3 Nd4 18. O-O-O Ne2+ 19. Nxe2 Rxd1+
20. Rxd1 Rd8 21. Rxd8+ Kxd8 22. b4 b6 23. cxb6 axb6 24. a4 c6 25. b5 cxb5 26.
axb5 Kc7 27. Nd4 Kb7 28. f5 h6 29. e6 fxe6 30. fxe6 Kc8 31. Nc6 h5 32. e7 Kd7
33. h3 h4 34. g4 hxg3 35. Nd4 g2 36. Nf3 Kxe7 37. Kd2 Ke6 38. Ke2 Kf5 39. Kf2
Kf4 40. Kxg2 Ke3 41. h4 Kd3 42. h5 Kc4 43. h6 Kxb5 44. h7 Ka5 45. h8=Q b5 46.
Qa8+ Kb4 47. Nd2 Kc3 48. Qb8 b4 49. Kf3 Kxd2 50. Qxb4+ Kc2 51. Qd4 Kb3 52. Ke3
Ka3 53. Qb6 Ka4 54. Kd4 Ka3 55. Qb5 Ka2 56. Qb4 Ka1 57. Kc3 Ka2 58. Kc2 Ka1 59.
Qb2# {MullerLouisEti est échec et mat} 1-0

[Event "Champ FRA - Under 12"]
[Site "Europe Echecs"]
[Date "2020.07.08"]
[Round "2"]
[White "LeCamRaphael"]
[Black "LamorelleAlexe"]
[Result "0-1"]
[WhiteElo "1180"]
[BlackElo "1009"]
[PlyCount "70"]
[EventDate "2020.??.??"]

1. d4 d5 2. e3 c5 3. Bb5+ Bd7 4. Nc3 Bxb5 5. Nxb5 Qa5+ 6. Nc3 cxd4 7. Qxd4 Nc6
8. Qxd5 Qb4 9. Qb5 Qd6 10. Nge2 Nf6 11. Qd3 Qc7 12. e4 Rd8 13. Qg3 Qd7 14. O-O
e6 15. Bg5 Be7 16. Rad1 Qc7 17. Rxd8+ Qxd8 18. Rd1 Qc8 19. Bxf6 Bxf6 20. Nd4
Nxd4 21. Qd3 Nc6 22. Nb5 O-O 23. Qh3 a6 24. Nc3 Rd8 25. Qg3 Bxc3 26. Rxd8+ Qxd8
27. h3 Qd1+ 28. Kh2 Be5 29. Qxe5 Nxe5 30. Kg3 f5 31. c4 Qd3+ 32. Kh2 f4 33. c5
Qe2 34. f3 Nxf3+ 35. Kh1 Qf1# {LeCamRaphael est échec et mat} 0-1

[Event "Champ FRA - Under 12"]
[Site "Europe Echecs"]
[Date "2020.07.08"]
[Round "2"]
[White "ButzbachGael"]
[Black "DeNaveJulien"]
[Result "0-1"]
[WhiteElo "999"]
[BlackElo "1177"]
[PlyCount "28"]
[EventDate "2020.??.??"]

1. e4 c5 2. Nf3 d6 3. Nc3 e6 4. Bb5+ Bd7 5. Bxd7+ Nxd7 6. O-O Ngf6 7. d4 cxd4
8. Nxd4 Be7 9. Re1 e5 10. Nde2 O-O 11. Nd5 Nxe4 12. f3 Nef6 13. g4 Nxd5 14. c4
Qb6+ {ButzbachGael a abandonné} 0-1

[Event "Champ FRA - Under 12"]
[Site "Europe Echecs"]
[Date "2020.07.08"]
[Round "2"]
[White "DoucetPierreAl"]
[Black "PresentLadisla"]
[Result "1-0"]
[WhiteElo "1177"]
[BlackElo "1000"]
[PlyCount "73"]
[EventDate "2020.??.??"]

1. e4 e5 2. Nf3 Nc6 3. Bb5 d6 4. O-O Nf6 5. Re1 Be7 6. d4 Bd7 7. Bxc6 Bxc6 8.
dxe5 dxe5 9. Qxd8+ Bxd8 10. Nxe5 Bxe4 11. Nc3 Bf5 12. Ng6+ Be7 13. Nxe7 Kf8 14.
Nxf5 Kg8 15. Bg5 Kf8 16. Rad1 Rg8 17. Ne7 g6 18. Bxf6 Rg7 19. Bxg7+ Kxg7 20.
Ned5 Rf8 21. Nxc7 Rc8 22. N7b5 a6 23. Na7 Ra8 24. Rd7 Rxa7 25. Ree7 Kh6 26.
Rxf7 Ra8 27. Rxh7+ Kg5 28. Rxb7 Re8 29. h3 Re1+ 30. Kh2 Rc1 31. Ra7 Rxc2 32.
Rxa6 Rxb2 33. Ne4+ Kf5 34. Ng3+ Kg5 35. Rg7 Rxf2 36. Rgxg6+ Kh4 37. Rg4# {
PresentLadisla est échec et mat} 1-0

[Event "Champ FRA - Under 12"]
[Site "Europe Echecs"]
[Date "2020.07.08"]
[Round "2"]
[White "RosamelManua"]
[Black "BonnayTramoniB"]
[Result "1-0"]
[WhiteElo "1170"]
[BlackElo "999"]
[PlyCount "87"]
[EventDate "2020.??.??"]

1. e4 e5 2. Bc4 Nf6 3. Nf3 Nc6 4. Nc3 Bc5 5. O-O d6 6. Re1 Bg4 7. h3 Bxf3 8.
Qxf3 Qe7 9. d3 O-O-O 10. Bg5 h6 11. Nd5 Qe8 12. Nxf6 gxf6 13. Bxf6 Rd7 14. Bxh8
Qxh8 15. Bxf7 Qh7 16. Be6 Qe7 17. Bxd7+ Qxd7 18. a3 Nd4 19. Qf8+ Qd8 20. Qxd8+
Kxd8 21. Ra2 Nxc2 22. Rc1 Nd4 23. b4 Bb6 24. a4 a6 25. b5 axb5 26. axb5 Nxb5
27. Ra8+ Kd7 28. Rh8 Nd4 29. Kf1 Nb3 30. Rh7+ Ke6 31. Rxh6+ Ke7 32. Rc3 Nd2+
33. Ke2 Ba5 34. Kxd2 Bxc3+ 35. Kxc3 Kd7 36. d4 exd4+ 37. Kxd4 Ke7 38. e5 dxe5+
39. Kxe5 b6 40. Rh7+ Kd8 41. Kd5 c5 42. Kd6 Kc8 43. Kc6 c4 44. Rh8# {
BonnayTramoniB est échec et mat} 1-0

[Event "Champ FRA - Under 12"]
[Site "Europe Echecs"]
[Date "2020.07.08"]
[Round "2"]
[White "CayauNolanMael"]
[Black "HamdadMounir"]
[Result "0-1"]
[WhiteElo "999"]
[BlackElo "1167"]
[PlyCount "52"]
[EventDate "2020.??.??"]

1. e4 e5 2. Bc4 Nf6 3. Nf3 Nc6 4. Nc3 Bb4 5. O-O O-O 6. d3 h6 7. h3 d6 8. a3
Ba5 9. b4 Bb6 10. a4 a6 11. a5 Ba7 12. b5 axb5 13. Bxb5 Ne7 14. a6 c6 15. axb7
Bxb7 16. Ba4 Ng6 17. Be3 Bxe3 18. fxe3 Qa5 19. Ra3 Qc5 20. Nb1 Qxe3+ 21. Kh1
Nh5 22. d4 Ng3+ 23. Kh2 Nxf1+ 24. Kh1 Qf2 25. Nfd2 Ne3 26. dxe5 Qxg2# {
CayauNolanMael est échec et mat} 0-1